000 00662nam a2200193 a 4500
001 000025251
005 20200930023647.0
008 110211s1974 ag a r 000 0 spa d
040 _aDO-SdBNP
_bspa
_cBNPHU
082 _axxxxx
_bS129e
100 1 _aSagrera, Martín.
_d1935-
_926705
245 1 0 _aExplosión poblacional, económica y política :
_bMalthus, Marx y "sudamérica" /
_cMartín Sagrera.
260 _aBuenos Aires, Argentina :
_bLa Bastilla,
_c1974.
300 _a344 p. :
_bil. ;
_c20 cm.
490 1 _aSin límites
504 _aIncluye referencias bibliográficas y notas al pie de las páginas.
830 0 _aSin límites
_951748
049 _aBNGR
999 _c24744
_d24744